North American Pro Sports Teams Named After Animals - Statistics

General Stats
  • This quiz has been taken 439 times
  • The average score is 27 of 37
Answer Stats
League Class Answer % Correct
NFL Birds Arizona Cardinals
95%
MLB Birds St. Louis Cardinals
95%
NFL Birds Philadelphia Eagles
94%
NFL Mammals Detroit Lions
90%
NFL Birds Atlanta Falcons
89%
NFL Birds Seattle Seahawks
89%
NFL Mammals Carolina Panthers
87%
NFL Mammals Chicago Bears
87%
NHL Mammals Florida Panthers
87%
NFL Birds Baltimore Ravens
84%
NFL Mammals Miami Dolphins
84%
NBA Birds Atlanta Hawks
81%
NFL Mammals Jacksonville Jaguars
80%
NFL Mammals Denver Broncos
78%
MLB Birds Toronto Blue Jays
74%
NFL Mammals Cincinnati Bengals
73%
MLB Mammals Detroit Tigers
73%
MLB Birds Baltimore Orioles
72%
MLB Chondrichthyes (Cartilaginous fish) Tampa Bay Rays
72%
NBA Insects Charlotte Hornets
71%
NFL Mammals Los Angeles Rams
71%
MLB Actinopterygii (Ray-finned fish) Miami Marlins
71%
NHL Chondrichthyes (Cartilaginous fish) San Jose Sharks
70%
NBA Birds New Orleans Pelicans
69%
NBA Reptiles or birds Toronto Raptors
69%
NBA Mammals Chicago Bulls
67%
NHL Birds Pittsburgh Penguins
67%
NFL Mammals Indianapolis Colts
65%
MLB Mammals Chicago Cubs
63%
NBA Mammals Minnesota Timberwolves
63%
NHL Birds Anaheim Ducks
61%
NBA Mammals Memphis Grizzlies
59%
MLB Reptiles Arizona Diamondbacks
56%
NBA Mammals Milwaukee Bucks
56%
NHL Mammals Boston Bruins
52%
NHL Mammals Arizona Coyotes
48%
NBA Mammals Dallas Mavericks
45%
No matching quizzes found
Score Distribution
Percent of People with Each Score
Percentile by Number Answered
Your Score History
You have not taken this quiz